|
|
|
|
| LEADER |
00000caa a22000002c 4500 |
| 001 |
1525852833 |
| 003 |
DE-627 |
| 005 |
20220604104711.0 |
| 007 |
tu |
| 008 |
160223s1995 xx ||||| 00| ||eng c |
| 020 |
|
|
|a 0198523068
|
| 035 |
|
|
|a (DE-627)1525852833
|
| 035 |
|
|
|a (DE-576)455852839
|
| 035 |
|
|
|a (DE-599)BSZ455852839
|
| 040 |
|
|
|a DE-627
|b ger
|c DE-627
|e rakwb
|
| 041 |
|
|
|a eng
|
| 100 |
1 |
|
|a FitzGerald, Marian
|0 (DE-627)1234562871
|0 (DE-576)164562877
|4 aut
|
| 109 |
|
|
|a FitzGerald, Marian
|a Fitzgerald, Marion
|
| 245 |
1 |
0 |
|a Ethnic differences
|c Marian Fitzgerald
|
| 264 |
|
1 |
|c 1995
|
| 336 |
|
|
|a Text
|b txt
|2 rdacontent
|
| 337 |
|
|
|a ohne Hilfsmittel zu benutzen
|b n
|2 rdamedia
|
| 338 |
|
|
|a Band
|b nc
|2 rdacarrier
|
| 773 |
0 |
8 |
|i In
|t Interpreting crime statistics
|d Oxford [u.a.] : Clarendon Press, 1995
|g (1994), Seite 158-174
|h X, 237 S
|w (DE-627)165452315
|w (DE-576)046257373
|z 0198523068
|7 nnam
|
| 773 |
1 |
8 |
|g year:1994
|g pages:158-174
|
| 935 |
|
|
|a mkri
|
| 951 |
|
|
|a AR
|
| ELC |
|
|
|b 1
|
| LOK |
|
|
|0 000 xxxxxcx a22 zn 4500
|
| LOK |
|
|
|0 001 2899316591
|
| LOK |
|
|
|0 003 DE-627
|
| LOK |
|
|
|0 004 1525852833
|
| LOK |
|
|
|0 005 20260219090014
|
| LOK |
|
|
|0 008 160208||||||||||||||||ger|||||||
|
| LOK |
|
|
|0 040
|a DE-21-110
|c DE-627
|d DE-21-110
|
| LOK |
|
|
|0 689
|a s
|a Ausländerkriminalität
|
| LOK |
|
|
|0 689
|a g
|a England
|
| LOK |
|
|
|0 689
|a s
|a Strafzumessung
|
| LOK |
|
|
|0 689
|a s
|a Ausländerstrafvollzug
|
| LOK |
|
|
|0 689
|a s
|a Ausfilterung
|
| LOK |
|
|
|0 689
|a s
|a Rasseneinflüsse
|
| LOK |
|
|
|0 852
|a DE-21-110
|
| LOK |
|
|
|0 852 1
|m p
|9 00
|
| LOK |
|
|
|0 935
|a k110
|
| LOK |
|
|
|0 938
|k p
|
| LOK |
|
|
|0 939
|a 08-02-16
|b l01
|
| ORI |
|
|
|a WA-MARC-krimdoka001.raw
|